Future Geometry Dash Demonlist - Statistics

General Stats
  • This quiz has been taken 63 times
  • The average score is 20 of 50
Answer Stats
Hint Answer % Correct
8 GRIEF
89%
15 Tidal Wave
84%
10 Amethyst
82%
21 Thinking Space II
68%
24 Acheron
66%
4 Flamewall
64%
36 KOCMOC
64%
34 Slaughterhouse
64%
6 Vehemence
64%
17 Avernus
61%
16 Nullscapes
59%
26 Silent Clubstep
59%
1 Aeternus
57%
35 Sakupen Circles
55%
30 Abyss of Darkness
52%
18 Anathema
52%
14 Heliopolis
52%
32 BOOBAWAMBA
50%
23 andromeda
48%
9 KOCMOC Unleashed
48%
37 Menace
48%
33 Subterminal Point
45%
20 Every End
43%
41 Firework
43%
28 Spectre
43%
29 Tunnel of Despair
41%
40 Deimos
39%
31 Kyouki
39%
42 The Lightning Rod
36%
48 Eyes in the Water
34%
45 poocubed
34%
47 Saul Goodman
34%
7 Exasperation
32%
27 Aquamarine
30%
49 MINUSdry
30%
3 Misanthrope
30%
2 Ascension to Heaven
25%
46 KOSETSU
25%
38 Based After Based
23%
11 Eternal Night
23%
12 Quanteuse Processing
23%
19 Banshee
20%
44 Centipede
16%
50 Apocalyptic Trilogy
14%
39 CONVULSION
11%
5 Dead Silence
9%
43 Through the Gates
5%
22 LABYRINTH
2%
13 Xyuti
2%
25 ECHO
0%
No matching quizzes found
Score Distribution
Percent of People with Each Score
Percentile by Number Answered
Your Score History
You have not taken this quiz